00490nam a2200157Ia 4500003000900000008004100009040003300050041000800083080001500091100002400106245008800130246004600218260004200264300001500306650001100321LK-CoDNM010623t2009 xxu||||| |||| 00| 1 sin d aLK-CoDNMdLK-CoDNMeLK-CoDNM asin a778.5bGUN aGunathilaka, Sanath aඑකොමත් එක රටෙක සිනමා තිර රචනාය aEkomath eka rateka cinema thira rachanaya bSarasavi prakashakayoaNugegodac2009 b160, 22 cm aCinema